Pocket business spanish dictionary

Bibliographic Details
Format: Book
Published: London : Bloomsbury Publishing , 2003
Subjects:

MARC

LEADER 00000cam a2200000 7i4500
001 0000014944
005 20080318.0
008 080307
020 |a 0747566313 
090 0 0 |a 650.03   |b POC 
245 1 0 |a Pocket business spanish dictionary 
260 |a London :   |b Bloomsbury Publishing ,   |c 2003 
650 0 |a English languages   |x Dictionaries   |x Spanish languages 
650 0 |a Spanish languages   |x Dictionaries   |x English languages 
999 |a 0001011938   |b Book   |c Adult Collection   |e Cawangan Urban Transformation Centre